000 00374nam a2200121Ia 4500
008 220214s9999 xx 000 0 und d
100 _aPanse VG
245 0 _aResponse of some important Indian crops to fertilizers and factors influencing this response
260 _bIndian Journal of Agricultural Sciences
_c1964
300 _a172-202
700 _aKhanna RC
942 _cRE
999 _c45901
_d45901